000 00414nam a2200181Ia 4500
005 20240823020624.0
008 240823s9999||||xx |||||||||||||| ||und||
041 _aENGLISH
082 _A181.45 P2
100 _aSwami Prabhupada A C
245 4 _aThe Path of Yoga
250 _a1st
260 _c2002
_bThe Bhaktivedanta Book
500 _aYES
650 _aYoga
_bGeneral
942 _cBK
999 _c175182
_d175182